[Event "Tch-CRO 1stA liga 2016"]
[Site "Sibenik"]
[Date "2016.10.12"]
[Round "5.1"]
[White "Kozul, Zdenko"]
[Black "Saric, Ivan"]
[Result "0-1"]
[WhiteElo "2619"]
[BlackElo "2666"]
[PlyCount "120"]
[EventDate "2016.??.??"]
[EventCountry "CRO"]

1. d4 Nf6 2. c4 e6 3. g3 c5 4. d5 exd5 5. cxd5 d6 6. Nc3 g6 7. Bg2 Bg7 8. Nf3
O-O 9. O-O Re8 10. Bf4 Ne4 11. Nxe4 Rxe4 12. Nd2 Rxf4 13. gxf4 Bxb2 14. Rb1 Bg7
15. e4 Nd7 16. a4 Bh6 17. Qf3 Qh4 18. Qg3 Qf6 19. e5 Qxf4 20. e6 Nf6 21. Nc4
Qxc4 22. Qxd6 fxe6 23. Qd8+ Kf7 24. d6 Bf8 25. h3 Qf4 26. Rfd1 Rb8 27. Qc7+ Nd7
28. Rb3 Kg8 29. Rf3 Qg5 30. Rg3 Qf6 31. Re3 e5 32. Rf3 Qg5 33. Rg3 Qf6 34. Be4
Qh4 35. Bd5+ Kh8 36. a5 Qf6 37. Bg2 Bh6 38. Rb3 a6 39. Rbb1 Bg5 40. Rb2 Qf8 41.
Bxb7 e4 42. Rdb1 Bd8 43. Qc6 Bf6 44. Re2 Bd4 45. Qxe4 Bxb7 46. Rxb7 Rxb7 47.
Qxb7 Qxd6 48. Re8+ Kg7 49. Kg2 Kh6 50. Ra8 Ne5 51. Ra7 Qf6 52. f4 Qxf4 53.
Qxh7+ Kg5 54. Qe7+ Kf5 55. Qf8+ Ke4 56. Qxf4+ Kxf4 57. Rxa6 c4 58. Ra8 c3 59.
a6 c2 60. Rc8 Nd3 0-1

[Event "Tch-CRO 1stA liga 2016"]
[Site "Sibenik"]
[Date "2016.10.12"]
[Round "5.1"]
[White "Predojevic, Borki"]
[Black "Martinovic, Sasa"]
[Result "1/2-1/2"]
[WhiteElo "2640"]
[BlackElo "2563"]
[PlyCount "83"]
[EventDate "2016.??.??"]
[EventCountry "CRO"]

1. Nf3 d5 2. c4 e6 3. g3 dxc4 4. Bg2 Nf6 5. Qa4+ Bd7 6. Qxc4 c5 7. Ne5 Qc8 8.
O-O Nc6 9. Nxd7 Qxd7 10. Qa4 Rc8 11. Nc3 Be7 12. d3 O-O 13. Bd2 Rfd8 14. Rfd1
Ne8 15. Rac1 b6 16. Be1 Nd6 17. e3 Nf5 18. d4 cxd4 19. Ne2 Ne5 20. Qxd7 Nxd7
21. Rxc8 Rxc8 22. e4 Rc2 23. Kf1 d3 24. Rxd3 Nd6 25. Rc3 Rxc3 26. Nxc3 g5 27.
f4 Nc4 28. Nd1 gxf4 29. gxf4 e5 30. b3 Nd6 31. Bh3 Nc5 32. fxe5 Ndxe4 33. b4
Na6 34. a3 Nc7 35. Bg2 Ng5 36. Ne3 Nge6 37. h4 Nd4 38. Bc3 Nce6 39. h5 Bg5 40.
Kf2 Bh4+ 41. Kf1 Bg5 42. Kf2 1/2-1/2

[Event "Tch-CRO 1stA liga 2016"]
[Site "Sibenik"]
[Date "2016.10.12"]
[Round "5.1"]
[White "Kurajica, Bojan"]
[Black "Markus, Robert"]
[Result "0-1"]
[WhiteElo "2533"]
[BlackElo "2649"]
[PlyCount "82"]
[EventDate "2016.??.??"]
[EventCountry "CRO"]

1. Nf3 Nf6 2. d4 g6 3. g3 Bg7 4. Bg2 O-O 5. O-O d6 6. b3 e5 7. dxe5 dxe5 8. Ba3
Re8 9. Qxd8 Rxd8 10. Nc3 Nc6 11. Rfd1 Bf5 12. Ne1 e4 13. Bb2 Nd7 14. Rab1 Nc5
15. a3 a5 16. Bf1 Be6 17. Ng2 f5 18. Nf4 Bf7 19. h4 Ne6 20. Nxe6 Bxe6 21. Kg2
Kf7 22. f3 e3 23. Rd3 Rxd3 24. exd3 Nd4 25. Be2 Nxc2 26. Nb5 Bd7 27. Nxc7 Rc8
28. Nd5 Bxb2 29. Rxb2 Ne1+ 30. Kh2 Rc2 31. Rxc2 Nxc2 32. Bd1 Bc6 33. Nf4 Nd4
34. Kg2 Kf6 35. b4 a4 36. Kf1 Ke5 37. Ng2 e2+ 38. Bxe2 Nc2 39. Bd1 Nxa3 40. Nf4
Nb1 41. Bc2 Nc3 0-1

[Event "Tch-CRO 1stA liga 2016"]
[Site "Sibenik"]
[Date "2016.10.12"]
[Round "5.1"]
[White "Jovanovic, Zoran"]
[Black "Kovacevic, Vlatko"]
[Result "1-0"]
[WhiteElo "2526"]
[BlackElo "2449"]
[PlyCount "71"]
[EventDate "2016.??.??"]
[EventCountry "CRO"]

1. e4 e6 2. d4 d5 3. Nc3 Nc6 4. Nf3 Nf6 5. Bd3 Bb4 6. Bg5 dxe4 7. Bxe4 Ne7 8.
O-O Nxe4 9. Nxe4 h6 10. Bh4 O-O 11. a3 Bd6 12. c4 f5 13. Nxd6 cxd6 14. Bxe7
Qxe7 15. Re1 Qf6 16. c5 dxc5 17. dxc5 Qxb2 18. Ne5 Qb5 19. Qd6 Qe8 20. Rad1 Kh7
21. Qc7 f4 22. Rd4 b6 23. c6 Qh5 24. Rd8 Ba6 25. Rd7 Rg8 26. Qd6 Bb5 27. h3
Rac8 28. Rxa7 f3 29. a4 Be2 30. Qd4 Rgd8 31. Rd7 Qg5 32. Qe4+ Qf5 33. Qxf5+
exf5 34. gxf3 Ba6 35. Red1 Re8 36. f4 1-0

[Event "Tch-CRO 1stA liga 2016"]
[Site "Sibenik"]
[Date "2016.10.12"]
[Round "5.1"]
[White "Muse, Mladen"]
[Black "Jovanic, Ognjen"]
[Result "1/2-1/2"]
[WhiteElo "2379"]
[BlackElo "2473"]
[PlyCount "76"]
[EventDate "2016.??.??"]
[EventCountry "CRO"]

1. Nf3 d5 2. g3 Nf6 3. Bg2 e6 4. O-O Be7 5. c4 O-O 6. b3 a5 7. Nc3 d4 8. Nb5
Nc6 9. e3 e5 10. d3 dxe3 11. Bxe3 Ng4 12. Bc1 Re8 13. h3 Nf6 14. Be3 Bf5 15. d4
exd4 16. Nfxd4 Nxd4 17. Nxd4 Be4 18. Bxe4 Nxe4 19. Qg4 Bf8 20. Rad1 Qc8 21. Nf5
g6 22. Nh6+ Bxh6 23. Qxc8 Raxc8 24. Bxh6 Nc5 25. Rd5 b6 26. Rfd1 Ne6 27. Kf1
Re7 28. h4 f6 29. Be3 Kf7 30. c5 c6 31. Rd6 Nxc5 32. Bxc5 bxc5 33. Rc1 a4 34.
Rxc5 axb3 35. axb3 Re6 36. Rd7+ Re7 37. Rd6 Re6 38. Rd7+ Re7 1/2-1/2

[Event "Tch-CRO 1stA liga 2016"]
[Site "Sibenik"]
[Date "2016.10.12"]
[Round "5.1"]
[White "Plenca, Jadranko"]
[Black "Armanda, Ivica"]
[Result "0-1"]
[WhiteElo "2412"]
[BlackElo "2345"]
[PlyCount "93"]
[EventDate "2016.??.??"]
[EventCountry "CRO"]

1. e4 c5 2. Nf3 a6 3. c3 b5 4. d4 Bb7 5. Bd3 e6 6. O-O Nf6 7. Re1 cxd4 8. cxd4
Be7 9. Nbd2 d6 10. Qb3 Nc6 11. a4 Na5 12. Qd1 b4 13. b3 O-O 14. Bb2 Rc8 15. Qe2
d5 16. e5 Ne4 17. Qe3 h6 18. Rac1 Qd7 19. g3 Rxc1 20. Bxc1 Rc8 21. Bb2 Bd8 22.
h4 Bb6 23. Kh2 Qe7 24. Bb1 Nc3 25. Bd3 Ne4 26. Qf4 Nxf2 27. Bb1 Ne4 28. Nxe4
dxe4 29. Nd2 f5 30. exf6 Qxf6 31. Qe3 Rf8 32. Rf1 Qd8 33. Rxf8+ Qxf8 34. Nxe4
Bd5 35. Nd2 Bc7 36. Be4 Qd6 37. Qd3 Qf8 38. Bxd5 exd5 39. Nf3 Qd6 40. Ne5 Qf6
41. Nf3 Nc6 42. Qxa6 Qxf3 43. Qc8+ Kh7 44. Qxc7 Qxb3 45. Qxc6 Qxb2+ 46. Kh3 b3
47. Qxd5 0-1

[Event "Tch-CRO 1stA liga 2016"]
[Site "Sibenik"]
[Date "2016.10.12"]
[Round "5.2"]
[White "Stevic, Hrvoje"]
[Black "Medak, Bojan"]
[Result "1/2-1/2"]
[WhiteElo "2602"]
[BlackElo "2386"]
[PlyCount "80"]
[EventDate "2016.??.??"]
[EventCountry "CRO"]

1. e4 d6 2. d4 g6 3. Nc3 Bg7 4. Be3 c6 5. Qd2 Nd7 6. Nf3 Ngf6 7. Bh6 O-O 8.
Bxg7 Kxg7 9. Bd3 e5 10. O-O Qb6 11. Na4 Qc7 12. Qc3 Re8 13. Rfe1 a6 14. b4 b5
15. dxe5 dxe5 16. Nc5 Nxc5 17. Qxc5 Bg4 18. Nd2 Nd7 19. Qc3 c5 20. a4 c4 21. h3
Be6 22. Be2 Nb6 23. axb5 axb5 24. Rxa8 Rxa8 25. Ra1 Na4 26. Qe3 Qd6 27. c3 Rd8
28. Nf3 f6 29. Rd1 Qc7 30. Kf1 Nb2 31. Rxd8 Qxd8 32. Qd2 Qxd2 33. Nxd2 f5 34.
Bf3 Na4 35. Nb1 h5 36. h4 f4 37. g3 Kf6 38. Ke1 Nb2 39. Be2 Bd7 40. Kd2 Na4
1/2-1/2

[Event "Tch-CRO 1stA liga 2016"]
[Site "Sibenik"]
[Date "2016.10.12"]
[Round "5.2"]
[White "Blazeka, Matej"]
[Black "Palac, Mladen"]
[Result "1/2-1/2"]
[WhiteElo "2266"]
[BlackElo "2618"]
[PlyCount "20"]
[EventDate "2016.??.??"]
[EventCountry "CRO"]

1. e4 c5 2. Nf3 Nc6 3. Bb5 e6 4. Bxc6 bxc6 5. d3 Ne7 6. Nbd2 Ng6 7. h4 h5 8. e5
f6 9. Qe2 Be7 10. Nc4 Ba6 1/2-1/2

[Event "Tch-CRO 1stA liga 2016"]
[Site "Sibenik"]
[Date "2016.10.12"]
[Round "5.2"]
[White "Jankovic, Alojzije"]
[Black "Brumen, Dinko"]
[Result "1-0"]
[WhiteElo "2579"]
[BlackElo "2338"]
[PlyCount "43"]
[EventDate "2016.??.??"]
[EventCountry "CRO"]

1. d4 Nf6 2. Nf3 c5 3. d5 b5 4. Bg5 Qb6 5. a4 bxa4 6. Nc3 Qxb2 7. Bd2 Qb7 8. e4
d6 9. Rb1 Qc7 10. Bb5+ Bd7 11. Qe2 a6 12. Bc4 e5 13. dxe6 fxe6 14. e5 Ng4 15.
exd6 Bxd6 16. Qe4 Nxf2 17. Kxf2 O-O 18. Qxa8 Bxh2 19. Qe4 Qg3+ 20. Kf1 Bc6 21.
Qxe6+ Kh8 22. Rxb8 1-0

[Event "Tch-CRO 1stA liga 2016"]
[Site "Sibenik"]
[Date "2016.10.12"]
[Round "5.2"]
[White "Vujakovic, Branko"]
[Black "Zelcic, Robert"]
[Result "1-0"]
[WhiteElo "2360"]
[BlackElo "2518"]
[PlyCount "137"]
[EventDate "2016.??.??"]
[EventCountry "CRO"]

1. e4 c6 2. d4 d5 3. Nc3 dxe4 4. Nxe4 Bf5 5. Ng3 Bg6 6. h4 h6 7. Nf3 e6 8. Ne5
Bh7 9. Bd3 Bxd3 10. Qxd3 Nd7 11. Bf4 Qa5+ 12. c3 Nxe5 13. Bxe5 Nf6 14. O-O Be7
15. Rfe1 O-O 16. Ne4 Nd7 17. Bg3 Rad8 18. Qe2 Nf6 19. Nd2 Qf5 20. Nf3 a6 21. c4
Nh5 22. Bh2 Bb4 23. Red1 Qg4 24. Qe3 Bd6 25. Bxd6 Rxd6 26. g3 Rfd8 27. Ne5 Qh3
28. Rd3 Nf6 29. Qf4 c5 30. Rad1 Rxd4 31. Rxd4 Rxd4 32. Rxd4 cxd4 33. Qxd4 Qf5
34. Kg2 Qe4+ 35. Qxe4 Nxe4 36. f3 Nd6 37. c5 Nc8 38. Nc4 Kf8 39. Na5 b6 40.
cxb6 Nxb6 41. Nb7 Nd5 42. Nc5 Nc7 43. Kf2 Ke7 44. Ke3 Kd6 45. Kd4 e5+ 46. Kc4
f5 47. h5 Kc6 48. b4 Kd6 49. a4 Ke7 50. Nb7 Kd7 51. Kc5 e4 52. fxe4 fxe4 53.
Kd4 e3 54. Kxe3 Nd5+ 55. Ke4 Nxb4 56. Kf5 Ke7 57. Kg6 Kf8 58. Nc5 Nd5 59. Ne6+
Kg8 60. Nxg7 Ne7+ 61. Kxh6 Kf7 62. Kh7 Nd5 63. Nf5 Kf6 64. g4 Kg5 65. Kg7 Nf6
66. h6 Ne8+ 67. Kf7 Nf6 68. a5 Nxg4 69. h7 1-0

[Event "Tch-CRO 1stA liga 2016"]
[Site "Sibenik"]
[Date "2016.10.12"]
[Round "5.3"]
[White "Georgiev, Kiril"]
[Black "Sprenger, Jan Michael"]
[Result "1/2-1/2"]
[WhiteElo "2613"]
[BlackElo "2513"]
[PlyCount "38"]
[EventDate "2016.??.??"]
[EventCountry "CRO"]

1. d4 d5 2. Nf3 Nf6 3. c4 dxc4 4. Na3 e6 5. Nxc4 c5 6. e3 Nc6 7. Nfe5 cxd4 8.
Nxc6 bxc6 9. Qxd4 Qxd4 10. exd4 c5 11. dxc5 Bxc5 12. Be2 O-O 13. O-O Ba6 14. b3
Rfd8 15. Bg5 h6 16. Bxf6 gxf6 17. Rfd1 f5 18. Kf1 Bxc4 19. Bxc4 a5 1/2-1/2

[Event "Tch-CRO 1stA liga 2016"]
[Site "Sibenik"]
[Date "2016.10.12"]
[Round "5.3"]
[White "Rade, Miroslav"]
[Black "Zovko, Mario"]
[Result "0-1"]
[WhiteElo "2451"]
[BlackElo "2323"]
[PlyCount "79"]
[EventDate "2016.??.??"]
[EventCountry "CRO"]

1. e4 c6 2. Nc3 d5 3. Nf3 Nf6 4. e5 Ne4 5. h3 e6 6. Qe2 Nxc3 7. dxc3 Nd7 8. Bf4
Be7 9. h4 b5 10. Rh3 Qb6 11. Rg3 g6 12. a3 a5 13. Be3 Qc7 14. Bg5 Bf8 15. Qe3
Bg7 16. Bh6 Bxh6 17. Qxh6 Bb7 18. O-O-O O-O-O 19. Re1 Rdf8 20. Bd3 Qb6 21. Qd2
c5 22. h5 Nb8 23. Bf1 Nc6 24. h6 b4 25. cxb4 axb4 26. Ng5 Qc7 27. Qf4 Kb8 28.
Kb1 Qa5 29. axb4 Nxb4 30. Ra3 Qc7 31. c3 Nc6 32. Qa4 c4 33. f4 Qb6 34. Qc2 Na5
35. Qa4 Nc6 36. b4 Kc7 37. Ra2 Ra8 38. Qd1 Rxa2 39. Kxa2 Nxb4+ 40. cxb4 0-1

[Event "Tch-CRO 1stA liga 2016"]
[Site "Sibenik"]
[Date "2016.10.12"]
[Round "5.3"]
[White "Mrdja, Milan"]
[Black "Doric, Darko"]
[Result "1/2-1/2"]
[WhiteElo "2315"]
[BlackElo "2481"]
[PlyCount "69"]
[EventDate "2016.??.??"]
[EventCountry "CRO"]

1. e4 c6 2. Ne2 d5 3. e5 c5 4. d4 Nc6 5. c3 Bf5 6. Be3 e6 7. dxc5 Nxe5 8. Nd4
Ne7 9. Qa4+ N5c6 10. Nb5 Ng6 11. Nd4 Nge7 12. f4 Qd7 13. Bb5 Bxb1 14. Rxb1 g6
15. O-O Bg7 16. Rbd1 O-O 17. Kh1 a6 18. Bd3 Qc7 19. Nf3 Rad8 20. Bb1 Rfe8 21.
Rde1 Rf8 22. g4 Qd7 23. Qc2 e5 24. f5 d4 25. cxd4 Nxd4 26. Qg2 Nd5 27. Be4 Nxe3
28. Rxe3 Qe7 29. b4 Rd7 30. Nxd4 exd4 31. Re2 Qg5 32. Bd3 Rfd8 33. fxg6 hxg6
34. Qg3 Qd5+ 35. Qf3 1/2-1/2

[Event "Tch-CRO 1stA liga 2016"]
[Site "Sibenik"]
[Date "2016.10.12"]
[Round "5.3"]
[White "Ivic, Mateo"]
[Black "Jukic, Zdenko"]
[Result "1/2-1/2"]
[WhiteElo "2234"]
[BlackElo "2314"]
[PlyCount "49"]
[EventDate "2016.??.??"]
[EventCountry "CRO"]

1. e4 d5 2. exd5 Qxd5 3. Nc3 Qd8 4. d4 Nf6 5. Nf3 Bg4 6. Be2 e6 7. O-O Bxf3 8.
Bxf3 c6 9. Re1 Be7 10. Bf4 O-O 11. Ne4 Nbd7 12. c4 Nxe4 13. Bxe4 Nf6 14. Bc2
Qb6 15. Be5 Nd7 16. Bxh7+ Kxh7 17. Qh5+ Kg8 18. Bxg7 Kxg7 19. Qg4+ Kf6 20. Re4
Bd6 21. Qh4+ Kf5 22. Rg4 Rg8 23. Qh5+ Kf6 24. Qh4+ Kf5 25. Qh5+ 1/2-1/2

[Event "Tch-CRO 1stA liga 2016"]
[Site "Sibenik"]
[Date "2016.10.12"]
[Round "5.3"]
[White "Rosandic, Denis"]
[Black "Susak, Zeljko"]
[Result "1/2-1/2"]
[WhiteElo "2232"]
[BlackElo "2206"]
[PlyCount "26"]
[EventDate "2016.??.??"]
[EventCountry "CRO"]

1. d4 Nf6 2. Nf3 e6 3. e3 b6 4. Bd3 Bb7 5. O-O c5 6. c4 Be7 7. Nc3 d6 8. b3 O-O
9. Bb2 Nc6 10. Rc1 cxd4 11. exd4 d5 12. cxd5 Nxd5 13. Nxd5 Qxd5 1/2-1/2

[Event "Tch-CRO 1stA liga 2016"]
[Site "Sibenik"]
[Date "2016.10.12"]
[Round "5.4"]
[White "Lalic, Bogdan"]
[Black "Drazic, Sinisa"]
[Result "1/2-1/2"]
[WhiteElo "2438"]
[BlackElo "2430"]
[PlyCount "27"]
[EventDate "2016.??.??"]
[EventCountry "CRO"]

1. d4 Nf6 2. c4 g6 3. Nc3 d5 4. cxd5 Nxd5 5. e4 Nxc3 6. bxc3 c5 7. Bc4 Bg7 8.
Ne2 Nc6 9. Be3 O-O 10. O-O Bg4 11. f3 Na5 12. Bxf7+ Rxf7 13. fxg4 Rxf1+ 14.
Kxf1 1/2-1/2

[Event "Tch-CRO 1stA liga 2016"]
[Site "Sibenik"]
[Date "2016.10.12"]
[Round "5.5"]
[White "Cheparinov, Ivan"]
[Black "Banusz, Tamas"]
[Result "1-0"]
[WhiteElo "2677"]
[BlackElo "2612"]
[PlyCount "63"]
[EventDate "2016.??.??"]
[EventCountry "CRO"]

1. d4 d5 2. c4 c6 3. Nc3 Nf6 4. e3 e6 5. Nf3 a6 6. Bd3 dxc4 7. Bxc4 b5 8. Be2
c5 9. O-O Bb7 10. dxc5 Bxc5 11. Qxd8+ Kxd8 12. Nd2 Ke7 13. Nb3 Bd6 14. f3 Nbd7
15. Na5 Ra7 16. Bd2 Bc7 17. b4 Rc8 18. Rfc1 Bxa5 19. bxa5 Ne5 20. e4 Nc4 21.
Bxc4 bxc4 22. Na4 Nd7 23. Be3 Raa8 24. Rab1 Bc6 25. Nb6 Nxb6 26. axb6 Bb7 27.
Bf4 Rc5 28. Bc7 f6 29. Rb4 e5 30. Rbxc4 Rxc4 31. Rxc4 Kf7 32. Bxe5 1-0

[Event "Tch-CRO 1stA liga 2016"]
[Site "Sibenik"]
[Date "2016.10.12"]
[Round "5.5"]
[White "Ruck, Robert"]
[Black "Hracek, Zbynek"]
[Result "1/2-1/2"]
[WhiteElo "2566"]
[BlackElo "2594"]
[PlyCount "35"]
[EventDate "2016.??.??"]
[EventCountry "CRO"]

1. Nf3 d5 2. d4 Nf6 3. c4 e6 4. Nc3 Bb4 5. Bg5 h6 6. Bxf6 Qxf6 7. e3 O-O 8. Rc1
dxc4 9. Bxc4 c5 10. O-O cxd4 11. Nxd4 Bd7 12. Qb3 Nc6 13. Nxc6 Bxc3 14. Rxc3
Bxc6 15. Bb5 Bd5 16. Bc4 Bc6 17. Bb5 Bd5 18. Bc4 1/2-1/2

[Event "Tch-CRO 1stA liga 2016"]
[Site "Sibenik"]
[Date "2016.10.12"]
[Round "5.5"]
[White "Sulava, Nenad"]
[Black "Rogic, Davor"]
[Result "1/2-1/2"]
[WhiteElo "2459"]
[BlackElo "2513"]
[PlyCount "120"]
[EventDate "2016.??.??"]
[EventCountry "CRO"]

1. d4 d5 2. Bg5 h6 3. Bh4 c6 4. Nf3 Qb6 5. Qc1 Bf5 6. e3 Nd7 7. c4 Ngf6 8. Nc3
e6 9. Be2 Be7 10. h3 Rc8 11. O-O Qd8 12. Bg3 dxc4 13. a4 O-O 14. Rd1 Qa5 15.
Bxc4 Nb6 16. Be2 Ne4 17. Nxe4 Bxe4 18. Nd2 Bg6 19. Nb3 Qg5 20. Nc5 Bxc5 21.
dxc5 Nd5 22. Bf3 Bh5 23. Bxh5 Qxh5 24. e4 Nf6 25. Qe3 e5 26. f3 Rfd8 27. Rd2
Rd7 28. Rad1 Rcd8 29. Rd6 a6 30. b4 Rxd6 31. cxd6 Nd7 32. Qa7 Rb8 33. Bf2 f5
34. b5 axb5 35. axb5 c5 36. Qa2+ Qf7 37. Qxf7+ Kxf7 38. exf5 Ra8 39. b6 Ra4 40.
Bxc5 Kf6 41. g4 Nxc5 42. d7 Nxd7 43. Rxd7 Rb4 44. Rxb7 Kg5 45. Kf2 Kf4 46. Ke2
Rb2+ 47. Kd3 Kxf3 48. Kc4 e4 49. Kc5 Rc2+ 50. Kd4 Rd2+ 51. Kc5 Rc2+ 52. Kd4
Rd2+ 53. Kc3 Rd6 54. Kc4 e3 55. Kc5 e2 56. Re7 Rd1 57. b7 Rc1+ 58. Kd6 Rd1+ 59.
Kc7 Rc1+ 60. Kd8 Rb1 1/2-1/2

[Event "Tch-CRO 1stA liga 2016"]
[Site "Sibenik"]
[Date "2016.10.12"]
[Round "5.5"]
[White "Rubil, Marko"]
[Black "Zivkovic, Vjekoslav"]
[Result "1/2-1/2"]
[WhiteElo "2306"]
[BlackElo "2366"]
[PlyCount "20"]
[EventDate "2016.??.??"]
[EventCountry "CRO"]

1. e4 d6 2. d4 Nf6 3. Nc3 e5 4. Nge2 Be7 5. g3 c6 6. a4 exd4 7. Qxd4 Na6 8. Bg2
d5 9. Bf4 Nb4 10. O-O-O Be6 1/2-1/2

[Event "Tch-CRO 1stA liga 2016"]
[Site "Sibenik"]
[Date "2016.10.12"]
[Round "5.5"]
[White "Mrkonjic, Nenad"]
[Black "Dabo-Peranic, Robert"]
[Result "1-0"]
[WhiteElo "2353"]
[BlackElo "2332"]
[PlyCount "65"]
[EventDate "2016.??.??"]
[EventCountry "CRO"]

1. e4 e5 2. Nf3 Nc6 3. Bc4 Bc5 4. d3 Nf6 5. Nc3 d6 6. h3 a6 7. a4 Be6 8. O-O h6
9. Nd5 Bxd5 10. exd5 Ne7 11. d4 exd4 12. Nxd4 O-O 13. b4 Bxb4 14. Bb2 Re8 15.
Qf3 Ng6 16. Nf5 Ne5 17. Qg3 Nh5 18. Nxh6+ Kf8 19. Qb3 gxh6 20. Qxb4 Qh4 21.
Bxe5 Rxe5 22. Qc3 Rae8 23. Kh2 Nf4 24. Qg3 Qf6 25. Qf3 Rf5 26. Bd3 Nxd3 27.
Qxd3 Ree5 28. Qc4 Rxf2 29. Rxf2 Qxf2 30. Qxc7 Qf4+ 31. Kh1 Rxd5 32. Qxb7 a5 33.
Qxd5 1-0

[Event "Tch-CRO 1stA liga 2016"]
[Site "Sibenik"]
[Date "2016.10.12"]
[Round "5.5"]
[White "Matanovic, Luka"]
[Black "Feletar, Darko"]
[Result "1/2-1/2"]
[WhiteElo "2183"]
[BlackElo "2363"]
[PlyCount "40"]
[EventDate "2016.??.??"]
[EventCountry "CRO"]

1. e4 e6 2. d4 c5 3. c3 Nf6 4. e5 Nd5 5. Nf3 cxd4 6. cxd4 d6 7. Bc4 Nc6 8. O-O
Be7 9. Qe2 O-O 10. Rd1 Qc7 11. Bd2 dxe5 12. dxe5 Rd8 13. Nc3 Nxc3 14. Bxc3
Rxd1+ 15. Rxd1 Bd7 16. Qe4 Rd8 17. h4 Nb8 18. Ng5 Bxg5 19. hxg5 Bc6 20. Qe1
Rxd1 1/2-1/2

[Event "Tch-CRO 1stA liga 2016"]
[Site "Sibenik"]
[Date "2016.10.13"]
[Round "6.1"]
[White "Saric, Ivan"]
[Black "Banusz, Tamas"]
[Result "1/2-1/2"]
[WhiteElo "2666"]
[BlackElo "2612"]
[PlyCount "90"]
[EventDate "2016.??.??"]
[EventCountry "CRO"]

1. e4 e5 2. Nf3 Nc6 3. Bc4 Bc5 4. O-O Nf6 5. d3 O-O 6. h3 a6 7. c3 Ba7 8. Re1
d6 9. Bb3 h6 10. Nbd2 Nh5 11. Nf1 Qf6 12. Be3 Be6 13. N1h2 Bxe3 14. fxe3 Qe7
15. Nf1 g6 16. d4 Bxb3 17. axb3 Kg7 18. b4 Nf6 19. Ng3 Nh7 20. Nd2 h5 21. Rf1
Rae8 22. Qe1 Ng5 23. h4 Nh7 24. Nh1 Nf6 25. Nf2 Qd7 26. Qd1 Ng4 27. Qf3 f6 28.
Qg3 Nxf2 29. Rxf2 Ne7 30. Rf3 Ng8 31. Raf1 Nh6 32. Qe1 Ng4 33. Rg3 Qb5 34. Qd1
c5 35. bxc5 dxc5 36. Qc1 cxd4 37. exd4 Qb6 38. Nc4 Qc6 39. Ne3 Qxe4 40. Nxg4
hxg4 41. Re1 Qf5 42. dxe5 Rxe5 43. Rxe5 Qxe5 44. Rxg4 Rd8 45. Qf4 Qxf4 1/2-1/2

[Event "Tch-CRO 1stA liga 2016"]
[Site "Sibenik"]
[Date "2016.10.13"]
[Round "6.1"]
[White "Ruck, Robert"]
[Black "Predojevic, Borki"]
[Result "1/2-1/2"]
[WhiteElo "2566"]
[BlackElo "2640"]
[PlyCount "56"]
[EventDate "2016.??.??"]
[EventCountry "CRO"]

1. Nf3 Nf6 2. c4 g6 3. d4 Bg7 4. g3 c6 5. Nc3 d5 6. Qb3 O-O 7. Bg2 Qb6 8. Qxb6
axb6 9. cxd5 Nxd5 10. Nxd5 cxd5 11. O-O Nc6 12. e3 Bf5 13. Bd2 Be4 14. Rfc1
Rfc8 15. Bc3 e6 16. Ne1 Bxg2 17. Kxg2 Bf8 18. Nd3 Bd6 19. f3 f6 20. Kf2 Kf7 21.
Rc2 h5 22. h3 b5 23. Be1 Ne5 24. Rxc8 Nxd3+ 25. Ke2 Nf4+ 26. gxf4 Rxc8 27. Kd3
Ke7 28. a3 Rc4 1/2-1/2

[Event "Tch-CRO 1stA liga 2016"]
[Site "Sibenik"]
[Date "2016.10.13"]
[Round "6.1"]
[White "Markus, Robert"]
[Black "Rogic, Davor"]
[Result "1-0"]
[WhiteElo "2649"]
[BlackElo "2513"]
[PlyCount "81"]
[EventDate "2016.??.??"]
[EventCountry "CRO"]

1. d4 d5 2. c4 c6 3. Nf3 Nf6 4. e3 e6 5. b3 Nbd7 6. Bb2 Bd6 7. Nbd2 b6 8. g3
Bb7 9. Bg2 Qc7 10. O-O O-O 11. Rc1 Rac8 12. cxd5 exd5 13. Qc2 Rfe8 14. Rfd1 a5
15. Nb1 Ne4 16. Nc3 f5 17. Ne2 g5 18. Ne1 Bf8 19. Nd3 Bg7 20. f3 Nd6 21. f4 Ne4
22. fxg5 Qd6 23. Rf1 Nxg5 24. Rxf5 h6 25. Ne5 Nxe5 26. dxe5 Bxe5 27. Nd4 Bh8
28. Rf4 Ne4 29. Nf5 Qe6 30. Bxh8 Kxh8 31. Bxe4 dxe4 32. Rcf1 Ba6 33. R1f2 Rc7
34. Qb2+ Kh7 35. Rh4 Qe5 36. Rxh6+ Kg8 37. Qc1 Rd8 38. Rg6+ Kh7 39. Rh6+ Kg8
40. Rh5 Qe8 41. Nh6+ 1-0

[Event "Tch-CRO 1stA liga 2016"]
[Site "Sibenik"]
[Date "2016.10.13"]
[Round "6.1"]
[White "Rubil, Marko"]
[Black "Jovanovic, Zoran"]
[Result "0-1"]
[WhiteElo "2306"]
[BlackElo "2526"]
[PlyCount "100"]
[EventDate "2016.??.??"]
[EventCountry "CRO"]

1. e4 d6 2. d4 Nf6 3. Nc3 e5 4. Nf3 Nbd7 5. Bc4 Be7 6. O-O O-O 7. a4 c6 8. Re1
exd4 9. Nxd4 Ne5 10. Ba2 Re8 11. h3 Ng6 12. a5 Bd7 13. Nf5 Bxf5 14. exf5 Nf8
15. g4 h6 16. Bf4 d5 17. Qf3 Qd7 18. Be5 Bd6 19. Bxf6 gxf6 20. Ne2 Qc7 21. a6
b5 22. Qc3 Be5 23. Qd2 Kg7 24. c3 Re7 25. Bb1 Rae8 26. Bd3 Nd7 27. Kg2 Bd6 28.
Bc2 Nc5 29. b4 Ne4 30. Bxe4 Rxe4 31. Nd4 Bf4 32. Rxe4 Rxe4 33. Qd3 Qc8 34. Ra2
Be5 35. Re2 Bxd4 36. Rxe4 dxe4 37. Qxd4 Qxa6 38. Qxe4 Qb6 39. Kg3 c5 40. Qf4
cxb4 41. cxb4 a5 42. bxa5 Qxa5 43. Kh4 Qc3 44. f3 b4 45. Kh5 b3 46. Qxh6+ Kg8
47. Qf4 b2 48. Qb8+ Kg7 49. h4 Qc2 50. g5 Qxf5 0-1

[Event "Tch-CRO 1stA liga 2016"]
[Site "Sibenik"]
[Date "2016.10.13"]
[Round "6.1"]
[White "Jovanic, Ognjen"]
[Black "Dabo-Peranic, Robert"]
[Result "1-0"]
[WhiteElo "2473"]
[BlackElo "2332"]
[PlyCount "115"]
[EventDate "2016.??.??"]
[EventCountry "CRO"]

1. d4 Nf6 2. Nf3 c5 3. e3 d5 4. dxc5 e6 5. a3 Bxc5 6. b4 Bd6 7. Bb2 a5 8. b5
O-O 9. Nbd2 Qe7 10. c4 Rd8 11. Be2 dxc4 12. Qc2 Bd7 13. Qxc4 Rc8 14. Qd3 a4 15.
O-O Bc5 16. Rfc1 Be8 17. Ng5 Nbd7 18. Nde4 Nxe4 19. Nxe4 f5 20. Nd2 Nf6 21. Bf1
b6 22. Nf3 Rd8 23. Qc2 Ne4 24. Nd4 Rdc8 25. Qd1 Qh4 26. g3 Qh6 27. Be2 Nxf2 28.
Kxf2 Qxh2+ 29. Kf1 Qxg3 30. Bf3 Bxd4 31. Bxd4 Bxb5+ 32. Be2 Bc6 33. Rxc6 Rxc6
34. Bf3 Rac8 35. Bxc6 Rxc6 36. Ra2 Qc7 37. Rg2 g6 38. Bb2 Rd6 39. Qxa4 Qd7 40.
Qxd7 Rxd7 41. Rc2 g5 42. Rc6 Kf7 43. Rxb6 Ra7 44. Rb4 h5 45. a4 h4 46. Bd4 Rc7
47. Rb1 Rc2 48. Kg1 h3 49. Rb2 Rc8 50. Kh2 g4 51. Ra2 e5 52. Bxe5 Ke6 53. Bf4
Kd5 54. a5 Rf8 55. a6 Kc6 56. Kg3 Re8 57. Kh4 Kb6 58. a7 1-0

[Event "Tch-CRO 1stA liga 2016"]
[Site "Sibenik"]
[Date "2016.10.13"]
[Round "6.1"]
[White "Martic, Zlatko"]
[Black "Kovacevic, Blazimir"]
[Result "0-1"]
[WhiteElo "2284"]
[BlackElo "2478"]
[PlyCount "55"]
[EventDate "2016.??.??"]
[EventCountry "CRO"]

1. d4 e6 2. c4 f5 3. Nf3 Nf6 4. h3 Bb4+ 5. Bd2 Qe7 6. Qc2 b6 7. Bxb4 Qxb4+ 8.
Nbd2 Bb7 9. a3 Qe7 10. e3 Ne4 11. Be2 Nxd2 12. Qxd2 O-O 13. O-O d6 14. b4 Nd7
15. Rab1 Nf6 16. Rfc1 Ne4 17. Qc2 c5 18. bxc5 dxc5 19. a4 Rad8 20. a5 bxa5 21.
Qa2 f4 22. Qb2 Ba8 23. exf4 cxd4 24. Nxd4 Rxf4 25. Bf3 e5 26. Ne2 Rxf3 27. gxf3
Nd2 28. c5 0-1

[Event "Tch-CRO 1stA liga 2016"]
[Site "Sibenik"]
[Date "2016.10.13"]
[Round "6.2"]
[White "Ivanisevic, Ivan"]
[Black "Cheparinov, Ivan"]
[Result "1/2-1/2"]
[WhiteElo "2641"]
[BlackElo "2677"]
[PlyCount "60"]
[EventDate "2016.??.??"]
[EventCountry "CRO"]

1. d4 Nf6 2. Nf3 g6 3. Bg5 Bg7 4. Nbd2 O-O 5. c3 d5 6. e3 Nbd7 7. Be2 Re8 8.
O-O e5 9. Bh4 c6 10. b4 Qe7 11. a3 a5 12. bxa5 Rxa5 13. a4 h6 14. Bg3 exd4 15.
cxd4 Nh5 16. Bc7 Ra8 17. h3 Nhf6 18. Bg3 b6 19. Ne5 Nxe5 20. Bxe5 Ba6 21. Re1
Ne4 22. Nxe4 Bxe5 23. Bxa6 Rxa6 24. dxe5 dxe4 25. Qc2 b5 26. Qxe4 Qxe5 27. Qxe5
Rxe5 28. axb5 Rxa1 29. Rxa1 cxb5 30. Ra7 h5 1/2-1/2